[Event "VIE-ch U13"]
[Site "Hai Phong"]
[Date "2018.07.07"]
[Round "1"]
[White "Nguyen, Quang Duc"]
[Black "Pham, Anh Dung"]
[Result "1-0"]
[WhiteElo "1819"]
[BlackElo "1841"]
[PlyCount "69"]
[EventDate "2018.07.07"]
[EventType "swiss"]
[EventRounds "9"]
[EventCountry "VIE"]
[SourceTitle "EXT 2019"]
[Source "ChessBase"]
[SourceDate "2018.10.10"]
[SourceVersion "1"]
[SourceVersionDate "2018.10.10"]
[SourceQuality "1"]

1. d4 d5 2. c4 c6 3. Nc3 Nf6 4. Nf3 e6 5. cxd5 exd5 6. g3 Bd6 7. Bg2 h6 8. Qb3 Qc7 9. Bd2 Ne4 10. Rc1 Be6 11. Nb5 Qe7 12. Nxd6+ Nxd6 13. Ne5 Nc4 14. Bb4 Qc7 15. Nxc4 dxc4 16. Qa3 b5 17. Bd6 Qd7 18. 0-0 a5 19. Qc5 Na6 20. Qxc6 Ra7 21. Qxd7+ Kxd7 22. Bf4 Rc8 23. e4 Nb4 24. d5 Bg4 25. f3 Bh5 26. Bh3+ Kd8 27. Bxc8 Kxc8 28. Be3 Rd7 29. a4 Nd3 30. Rc2 Nb4 31. Rc3 bxa4 32. Rxc4+ Kb7 33. Bd2 Nd3 34. Rxa4 Ne5 35. g4 1-0